000 00950nam a22002177a 4500
005 20250328151934.0
008 250328b |||||||| |||| 00| 0 eng d
020 _a978-81-7309-997-7 (hbk)
037 _cTB
040 _aCRL
_cCRL
041 _2hin
_ahin
084 _aO152:g(Y5927) Q8
_qCRL
100 _aपालीवाल, कृष्णदत्त
245 _aदलित साहित्य विमर्श
260 _aनई दिल्ली, भारत:
_bसस्ता साहित्य मण्डल प्रकाशन,
_c2018
300 _a146पृ0
365 _b300.00
_cINR
650 _aदलित साहित्य
942 _2CC
_cTB
_hO152:g(Y5927) Q8
_n0
999 _c1308270
_d1308270